[Event "Montreal 3rd"]
[Site "Montreal"]
[Date "2002.07.27"]
[Round "3"]
[White "Ftacnik, Lubomir"]
[Black "Lesiege, Alexandre"]
[Result "1-0"]
[WhiteElo "2602"]
[BlackElo "2561"]
[Annotator "Ribli,Z"]
[PlyCount "63"]
[EventDate "2002.07.25"]
[EventType "tourn"]
[EventRounds "11"]
[EventCountry "CAN"]
[EventCategory "11"]
[SourceTitle "CBM 091"]
[Source "ChessBase"]
[SourceDate "2002.11.12"]
[SourceVersion "1"]
[SourceVersionDate "2002.11.12"]
[SourceQuality "1"]

1. c4 {Ftacnik} c5 2. Nf3 Nc6 3. Nc3 Nf6 4. g3 d5 5. d4 dxc4 {Dieser Zug ist
heutzutage ein seltener Gast in der Turnierpraxis. Man spielt gewöhnlich 5...
e6 6.cxd5 Nxd5. Möglich ist auch 6...exd5 mit Übergang zur
Tarrasch-Verteidigung. Falls 5...cxd4, so bekommt Weiß einen kleinen, aber
dauerhaften Positionsvorteil nach 6.Nxd4 dxc4 7.Nxc6 Qxd1 8.Kxd1 bxc6 9.Bg2
Nd5 10.Ne3.} 6. d5 Nb4 $6 (6... Na5 7. e4 b5 8. Nxb5 Nxe4 9. Ne5 Bd7 10. Nxd7
Qxd7 11. Qa4 Rb8 12. Nc7+ Kd8 13. Ne6+ fxe6 14. Qxa5+ Qc7 15. Qxc7+ Kxc7 16.
Bf4+ Nd6 17. O-O-O g6 18. Be5 Rg8 19. dxe6 $16 {Tal,M-Timman,J/Hilversum m/5/
1988/}) 7. e4 Bg4 8. Bxc4 {Weiß beschäftigt sich nicht mit der Drohung Nc2+,
er hat starke Drohungen im Zentrum.} Bxf3 9. Qxf3 Nc2+ 10. Kf1 a6 {Ftacnik:
'Lesiege was not in a great form in Montreal, in this moment he is switching
the direction of the game halfway through. Accepting the rook on a1 is more
than risky, but otherwise black's aggressive approach loses it's logic.' 
Schwarz verteidigt sich gegen 11.Bb5+: Das Nehmen des Turms auf a1 wäre mehr
als riskant für Schwarz..} (10... Nxa1 11. e5 a6 12. exf6 Nc2 13. d6 $1 e6 14.
Qxb7 Qb8 15. Qc6+ Kd8 16. Bxe6 (16. Ne4 $5 $16) 16... Ra7 (16... fxe6 17. fxg7
Bxg7 18. Bg5+ $18) 17. fxg7 Bxg7 18. Bg5+ $16 {1/2-1/2 Wojtkiewicz,A-Yudasin,L/
New York 1991/CBM 23/[Ftacnik] (25)}) (10... Nd7 $5 {Dieser Zug erscheint zwar
ein wenig verdächtig, verdient aber durchaus Beachtung.} 11. d6 e6 12. Nb5 Qf6
13. Qe2 (13. Bg5 Qxg5 (13... Qxf3 $4 14. Nc7#) 14. Nc7+ Kd8 15. Qxf7 Qg6 $8 16.
Qxg6 hxg6 17. Rc1 Nd4 18. Nxa8 b5 $13) 13... Nxa1 14. Nc7+ Kd8 15. Nxa8 Bxd6
16. Kg2 Ke7 17. Rd1 Ne5 18. f4 Nc6 19. Rxd6 Nd4 {0-1 Petrov,J-Sermek,D/Nova
Gorica 1998/EXT 99 (38)}) (10... Nd4 {Ftacnik} 11. Qf4 $6 (11. Qd1 $5 {Ftacnik}
) 11... Qd7 12. a4 g5 13. Qe3 Qh3+ 14. Kg1 Ng4 15. Bf1 Nxe3 16. fxe3 Nf3+ 17.
Kf2 Qh5 18. g4 Qxg4 19. Be2 Qh4+ 20. Kxf3 g4+ 21. Kg2 Qh3+ 22. Kg1 g3 {0-1
Bordas,G-Deak,F/Budapest 1998/ (27)}) 11. e5 Nd4 (11... Nxa1 12. exf6 Nc2 (
12... gxf6 {Ftacnik} 13. d6 $5 (13. Qd1 {Ftacnik} Bg7 14. Be3 b5 15. Nxb5 axb5
16. Bxb5+ Kf8 17. Bc4 f5 18. Qxa1 Rb8 $15) (13. Bf4 {Ftacnik} Nc2 14. d6 Qd7
15. Nd5 $40) 13... Qxd6 (13... e6 {Ftacnik} 14. Qxb7 Bxd6 15. Bh6 Rb8 16. Qxa6
Ke7 17. Kg2 $40) 14. Bf4 (14. Qxb7 {Ftacnik} Rb8 15. Qxa6 Qxa6 16. Bxa6 Nc2 $15
) 14... Qd7 (14... e5 {Ftacnik} 15. Qxb7 Rb8 16. Qxf7+ Kd8 17. Ne4 $1 Qe7 18.
Qd5+ Kc7 19. Bd2 Rxb2 20. Ba5+ Kb8 21. Bd8 $18) 15. Nd5 Ra7 (15... Rc8 {Ftacnik
} 16. Kg2 b5 17. Nb6 Qc6 18. Nxc8 $18) 16. Kg2 b5 17. Nb6 Qb7 18. Bd5 Qxb6 19.
Bc6+ Kd8 20. Qd5+ Kc8 21. Bd7+ Kd8 22. Bxb5+ Kc8 23. Bd7+ Kd8 24. Be6+ $18) (
12... Qb8 {Ftacnik} 13. Bf4 Qa7 14. fxe7 Bxe7 15. d6 $18) 13. d6 e6 14. Qxb7
Qb8 (14... Bxd6 {Ftacnik} 15. fxg7 Rg8 16. Ne4 $18) 15. Qc6+ Kd8 16. Bxe6 (16.
Ne4 $5 $16) 16... Ra7 (16... fxe6 17. fxg7 Bxg7 18. Bg5+ $18) 17. fxg7 Bxg7 18.
Bg5+ $16 {Ich bemerke, dass wir mit Zugumstellung dieselbe Variante, wie in
der Zugfolge 10...Nxa1 11.e5 a6 erhalten.} f6 19. Qxc5 Nd4 20. Bh3 $18 {
1/2-1/2 Wojtkiewicz,A-Yudasin,L/New York 1991/ (25) Black was completely lost
and drew only by a small miracle.}) 12. Qd1 {[%csl Gd5,Ge5][%mdl 4] Weiß hat
großen Raum- und Entwicklungsvorteil.} (12. Qf4 {Ftacnik} b5 (12... Nd7 {
Ftacnik} 13. e6 fxe6 14. dxe6 Nf6 15. Nd5 Rc8 16. a4 Rc6 $13) 13. exf6 bxc4 14.
Be3 Qb6 15. Rd1 gxf6 16. Bxd4 cxd4 17. Qxd4 Qxd4 18. Rxd4 Rb8 19. Rxc4 Rxb2 20.
Kg2 $16) 12... b5 {Ftacnik: 'It is somewhat surprising, but even 12...Nd7 was
a completely logical attempt. White would have to play very carefully in order
to get some advantage.'} (12... Nd7 13. e6 $16 {[%csl Ge6]} (13. f4 {Ftacnik}
Nb6 (13... b5 {Ftacnik} 14. Bd3 g6 15. Kg2 $14) 14. Bb3 e6 (14... Nxb3 $6 {
Ftacnik} 15. Qxb3 c4 16. Qd1 e6 (16... Qc7 {Ftacnik} 17. Be3 Rd8 18. Bxb6 Qxb6
19. Qa4+ Rd7 20. Qxc4 $16) 17. d6 Nd7 18. Be3 b5 $14) 15. d6 f6 16. Be3 $16)
13... Nb6 (13... fxe6 {Ftacnik} 14. dxe6 Nf6 15. Qa4+ $1 Nc6 (15... b5 $2 {
Ftacnik} 16. Nxb5 $1 $18) 16. Be3 $16) 14. exf7+ Kxf7 15. Bb3 g6 16. Be3 Bg7
17. d6+ c4 18. Bxd4 Bxd4 19. Qxd4 cxb3 20. Ne4 $16) 13. exf6 (13. b4 $5 {
Ftacnik} bxc4 (13... Ne4 {Ftacnik} 14. Nxe4 bxc4 15. Qa4+ Nb5 16. Nc3 cxb4 17.
Nxb5 axb5 18. Qxb5+ Qd7 19. Qxc4 Rc8 20. Qe4 Rc5 21. e6 Qxd5 22. Qxd5 Rxd5 23.
Rb1 Rd4) 14. exf6 Nb5 (14... cxb4 $2 {Ftacnik} 15. Qxd4 bxc3 16. fxg7 $18) 15.
Nxb5 axb5 16. bxc5 e6 17. d6 Qxf6 18. Be3 $14) 13... bxc4 14. Be3 (14. Qa4+ Qd7
15. Qxc4 $2 (15. Qxd7+ Kxd7 16. Na4 Ke8 17. fxe7 (17. fxg7 Bxg7 18. Nxc5 Nc2
19. Rb1 Nb4 $15) 17... Bxe7 18. Bf4 Rd8 $132) 15... Qh3+ 16. Kg1 (16. Ke1 Nc2+
$19) 16... Nf3#) (14. Kg2 {Ftacnik} gxf6 15. Qa4+ Qd7 16. Qxc4 e5 17. Be3 $14)
14... gxf6 (14... exf6 15. Bxd4 cxd4 16. Qxd4 Be7 (16... Bd6 17. Re1+ Kf8 18.
Qxc4 $16) 17. Rd1 Qd6 18. Qxc4 $16) (14... Qb6 {Ftacnik} 15. Qa4+ Kd8 16. fxe7+
Bxe7 17. Kg2 $16) (14... Nf5 {Ftacnik} 15. Bxc5 $16) 15. Bxd4 cxd4 16. Qxd4 $36
{[%csl Gd5,Re8] Weiß hat deutlichen Positionsvorteil: Der schwarze König steht
in der Mitte und der Bf8 hat auch ein Entwicklungsproblem.} Rc8 {Ftacnik:
'This position seemed very attractive during my calculations, but realizing
the advantage is anything but easy.'} (16... Qc8 {Ftacnik} 17. Kg2 Bg7 18. Rac1
O-O 19. Na4 $16) 17. Kg2 {[%cal Gh1e1,Ga1d1] Der weiße König befindet sich in
Sicherheit und Weiß kann seine Türme auf d1 und e1 zentralisieren.} (17. Re1 {
Ftacnik} Bg7 18. d6 e6 19. Rd1 (19. Nd5 $2 {Ftacnik} Qxd6 20. Nxf6+ Ke7 $17)
19... O-O 20. d7 Rc7 21. Qd6 $14) 17... Bg7 (17... e5 {Ftacnik} 18. Rhe1 Bd6
19. Qg4 $16) 18. Rhe1 O-O 19. Qg4 {Ftacnik: 'Defender's problem is a poor pawn
structure, that is obstructing activity of his own pieces.'} (19. Qa7 {Ftacnik}
f5 20. Qxe7 (20. Rad1 {Ftacnik} Rb8 21. Re2 Qd6 $14) 20... Bxc3 21. bxc3 Qxd5+
22. Kg1 Rc6 $14) 19... Rc7 (19... Qd6 20. Re4 $16 {[%cal Ga1e1,Ge1e7,Gg4c4]} (
20. Rad1 {Ftacnik} Rc7 21. Re4 Rb8 22. Rd2 Rb4 23. Rde2 $16) (20. Rad1 $1 {
Ftacnik}) 20... Rb8 21. Rxc4 Rxb2 22. Rc6 Qe5 23. Rc1 $14) 20. Rad1 {[%csl Gd1,
Ge1]} Qd7 21. Qf3 $5 (21. Qxd7 Rxd7 22. Re4 Rc8 23. Rdd4 Rdc7 24. d6 exd6 25.
Rxd6 $16) (21. Qf4 $1 {Ftacnik} Rb7 22. Rd2 Rfb8 23. Rde2 Qd6 24. Qxd6 exd6 25.
Re8+ Bf8 26. Rxb8 Rxb8 27. Re4 Rxb2 28. Rxc4 $16) 21... f5 $2 (21... Rb7 22.
Re2 (22. d6 exd6 23. Rxd6 Qxd6 24. Qxb7 f5 $132) 22... f5 $14 (22... Rfb8 {
Ftacnik} 23. Rdd2 Bh6 $14)) {[#]} 22. Rxe7 $1 $16 {[%mdl 64] Ftacnik: 'This
exchange combination is very unpleasant for black, since the first player will
be able to activate his knight to the dream square f5.'  Mit diesem
zeitweiligen Turmopfer bekommt Weiß entscheidenden Positionsvorteil.} Qxe7 23.
d6 {[%cal Rd6c7,Rd6e7]} Qd7 24. dxc7 Qxc7 25. Nd5 {[%csl Gd5] Weiß hat die
viel bessere Bauernstruktur und die schwarze Königsstellung ist geschwächt.} (
25. Qxf5 {Ftacnik} Qb7+ 26. Ne4 Bxb2 (26... Re8 {Ftacnik} 27. Rd5 $16) 27. Kg1
Qc6 28. Rd6 Qc8 29. Qd5 $16) 25... Qe5 (25... Qa5 {Ftacnik} 26. Ne7+ Kh8 27.
Nxf5 Bxb2 28. Rd7 Qc5 29. Nd6 Bg7 30. Qg4 c3 (30... h5 {Ftacnik} 31. Qxc4 Qxc4
32. Nxc4 $18) 31. Nxf7+ Rxf7 32. Rxf7 $18) 26. Ne3 {[%csl Rc4,Rf5][%cal Ge3f5,
Ge3c4] '!' Ftacnik.} Qxb2 (26... Qe4 {Ftacnik} 27. Qxe4 fxe4 28. Nxc4 $16) (
26... f4 {Ftacnik} 27. Nxc4 Qb5 28. b3 fxg3 29. hxg3 $18) 27. Nxf5 Qf6 {
Ftacnik: 'The role of the defender is extremely ungrateful in similar
situations, but Lesiege is helping to speed up the end.'} (27... Kh8 28. Qg4
$16 {[%cal Gg4c4,Gg4g7]} Qb7+ 29. Kg1 Be5 30. Qxc4 $16) (27... c3 {Ftacnik} 28.
Qg4 c2 29. Rc1 h5 30. Ne7+ Kh7 31. Qf5+ Kh6 32. Rxc2 $18) (27... Re8 {Ftacnik}
28. Rd7 Qf6 29. Nh6+ $1 Kh8 (29... Qxh6 {Ftacnik} 30. Qxf7+ Kh8 31. Qxe8+ $18)
30. Nxf7+ Kg8 31. Nh6+ Kh8 32. Qxf6 (32. Nf5 {Ftacnik} Rf8 33. g4 c3 34. h3 c2
35. Rc7 Qb2 36. Qc6 Qxa2 37. Qxc2 $16) 32... Bxf6 33. Rd6 Bg7 34. Nf5 Rc8 35.
Ne7 Rf8 36. Rxa6 $18) 28. Rd6 {[%cal Rd6f6,Rd6a6]} Qe5 29. Rxa6 {[%csl Ga6,Gf3,
Gf5]} Re8 30. Rc6 $18 {[%csl Rc4] Nach diesem Zug gewinnt Weiß einen weiteren
Bauern.} Qe4 (30... c3 31. Nxg7 Qxg7 (31... Kxg7 32. Qxc3) 32. Qxc3 $18) 31.
Qxe4 Rxe4 32. Kf3 1-0

[Event "Bundesliga 0506"]
[Site "Germany"]
[Date "2006.01.28"]
[Round "8.2"]
[White "Miezis, Normunds"]
[Black "Sokolov, Andrei"]
[Result "1-0"]
[WhiteElo "2470"]
[BlackElo "2623"]
[Annotator "Ribli,Z"]
[PlyCount "75"]
[EventDate "2005.10.21"]
[EventType "team-tourn"]
[EventRounds "15"]
[EventCountry "GER"]
[SourceTitle "CBM 111"]
[Source "ChessBase"]
[SourceDate "2006.04.04"]
[SourceVersion "1"]
[SourceVersionDate "2006.04.04"]
[SourceQuality "1"]
[WhiteTeam "Neukoelln"]
[BlackTeam "Tegernsee"]
[WhiteTeamCountry "GER"]
[BlackTeamCountry "GER"]

1. c4 Nf6 2. Nc3 c5 3. e4 {Weiß spielt regelmäßig diesen Aufbau.} Nc6 4. f4 {
Weiß beschäftigt sich nicht mit der Schwächung des Feldes d4, das ist ein
sogenanntes "positionelles Opfer".} (4. g3 g6 5. Bg2 Bg7 6. Nge2 d6 7. O-O O-O
8. a3 a6 9. Rb1 Rb8 10. b4 cxb4 11. axb4 b5 12. cxb5 axb5 13. d4 {1-0 Miezis,
N-Lejhall,J/Sweden 2003/EXT 2005 (30)}) 4... d6 5. Nf3 Bg4 6. Be2 e6 {Dieser
Zug ist natürlich spielbar, aber die Alternative g7-g6 erscheint mir logischer:
nach g6 kontrolliert der Läufer das Feld d4.} (6... Bxf3 7. Bxf3 g6 8. O-O Bg7
9. d3 O-O 10. Be2 (10. Be3 $5) 10... Nd4 11. Rb1 Nd7 12. Qe1 e6 13. g4 a6 14.
Bd1 b5 {0-1 Blanco,C-Szmetan,J/Cali 2000/(40)}) (6... g6 7. O-O Bg7 8. h3 Bxf3
9. Bxf3 O-O 10. d3 Rb8 (10... e6 11. f5 Nd7) 11. Bd2 e6 12. f5 {1-0 Loehr,
F-Goldenstein,A/Cologne 1993/EXT 2002 (29)}) 7. O-O Be7 8. d3 O-O 9. Kh1 Ne8 (
9... Nd7) (9... Bxf3 10. Bxf3 (10. gxf3) 10... Nd7 {[%cal Ge7f6,Gf6d4]}) 10.
Ng1 $1 {[%mdl 32] Nach diesem Zug muss Schwarz seinen aktiven Läufer tauschen,
wonach Weiß mit seinem e2N das Feld d4 kontrolliert.} Bxe2 11. Ngxe2 Nc7 (11...
f5 12. exf5 Rxf5 13. Ng3 Rf8 14. f5) 12. Rf3 d5 $6 (12... f5 $1) 13. cxd5 exd5
14. f5 (14. e5 f6 (14... d4 15. Ne4)) 14... dxe4 15. Nxe4 (15. dxe4 $6 Qxd1+
16. Nxd1 Nb5 $15) 15... Nd5 16. Rg3 $36 Re8 (16... Nf6 17. Bh6 Nh5 18. Rg4) 17.
Bh6 g6 $6 (17... Bf8 18. Nf4 (18. Qb3 b6 19. Qxd5 $2 Qxd5 20. Nf6+ Kh8 21. Nxd5
Rxe2) 18... Nxf4 19. Bxf4 $14) 18. N2c3 Nxc3 (18... Ne5 19. fxg6 hxg6 20. Qh5
$40) 19. bxc3 Qd5 20. Qf3 Rad8 21. Rf1 {[%csl Ge4,Gf1,Gf3,Gg3,Rg8,Gh6][%mdl
128] Weiß bringt seine letzte Figur in Angriffsposition und erlangt ein
deutliches Übergewicht am Königsflügel.} (21. Bg5 $1 Bxg5 22. Rxg5 {[%cal
Gg5d5,Re4f6,Rf6d5,Rf6e8,Rf6g8]}) 21... Kh8 22. f6 (22. fxg6 fxg6 (22... hxg6
23. Rh3 $18) 23. Rh3 {[%cal Gh3h8]}) 22... Ne5 (22... Bd6 23. Bg7+ Kg8 24. Rh3)
23. Qf4 Bd6 24. Rh3 (24. Bg7+ Kg8 25. Qh6 $18 {Droht 26.Qxh7+ und 27.Rh3+.})
24... Kg8 25. Bg7 $18 {[%csl Rg8][%cal Rh3h7,Rf4h6]} Qxd3 {Mit diesem
Damenopfer hofft Schwarz Verwirrung zu stiften.} {[#]} 26. Rxd3 (26. Rxh7 $1
Qxf1+ 27. Qxf1 Kxh7 28. g4 $18 {[%csl Rh7][%cal Rf1h3,Rh3h7]}) 26... Nxd3 27.
Qxd6 (27. Qf3 $18) 27... Rxd6 28. Nxd6 Re2 29. Kg1 h5 30. Nxb7 Rxa2 31. Nd6 (
31. Rd1 c4 32. Nc5 $18) 31... a5 32. Rb1 Rb2 33. Ra1 (33. Rd1 $18) 33... g5 34.
h3 (34. Rxa5 $4 Rb1#) 34... Nf4 35. Rxa5 Rxg2+ 36. Kf1 Kh7 37. Ne4 Kg6 38. Rxc5
{time} 1-0

[Event "Bundesliga 0506"]
[Site "Germany"]
[Date "2006.03.12"]
[Round "13.5"]
[White "Hansen, Curt"]
[Black "Mueller, Karsten"]
[Result "1-0"]
[WhiteElo "2607"]
[BlackElo "2489"]
[Annotator "Ribli,Z"]
[PlyCount "85"]
[EventDate "2005.10.21"]
[EventType "team-tourn"]
[EventRounds "15"]
[EventCountry "GER"]
[SourceTitle "CBM 112"]
[Source "ChessBase"]
[SourceDate "2006.06.07"]
[SourceVersion "1"]
[SourceVersionDate "2006.06.07"]
[SourceQuality "1"]
[WhiteTeam "Porz"]
[BlackTeam "Hamburger SK"]
[WhiteTeamCountry "GER"]
[BlackTeamCountry "GER"]

1. c4 Nf6 2. Nc3 c5 3. g3 d5 4. cxd5 Nxd5 5. Bg2 Nc7 6. Nf3 {Mit diesem Zug
leitet Weiß das Spiel in die Hauptvariante über, aber statt 6.Nf3 gibt es
einige chancenreiche Möglichkeiten.} (6. Qa4+ $5) 6... Nc6 7. O-O (7. a3 $5)
7... e5 8. a3 {Dieser Zug ist eigentlich eine Nebenvariante, die früher oft
vom dänischen Großmeister gespielt wurde. Die weiße Idee ist, wenn möglich,
b2-b4 zu ziehen.} Be7 {Dieser Zug scheint ein wenig schablonenhaft; es wäre
logischer entweder 8...Rb8!? oder 8...f6!? zu ziehen.} (8... Rb8 $5 9. d3 (9.
b4 cxb4 10. axb4 Bxb4 11. Nxe5 $2 Nxe5 12. Qa4+ Nc6 13. Bxc6+ bxc6 $19) 9...
Be7 10. Rb1 Bd7 11. Bd2 a5 12. Ne4 O-O 13. Bc3 f6 14. a4 Be6 15. b3 Nd5 16. Rc1
b6 17. Ned2 Qd7 18. Nc4 $10 {1/2-1/2 Hansen,C-Beliavsky,A/Biel 1992/CBM 31/
[Ribli] (63)}) (8... f6 $5 9. e3 Be7 (9... c4 $5) 10. d4 cxd4 11. exd4 exd4 12.
Ne2 Ne6 13. b4 O-O (13... d3 14. Nf4 Nxf4 15. Bxf4 $44 Bg4 (15... O-O 16. Re1
Bg4 17. Re3 Qb6 18. Qxd3 Kh8 19. Rae1 Rad8 20. Qc3 {1-0 Uhlmann,W-Hoffmann,A/
Germany 2002/EXT 2004 (32)}) 16. Qb3 Qd7 17. Rfe1 Rd8 18. Rad1 a5 $6 (18... Qd5
19. Qxd5 Rxd5 20. h3 $44) 19. b5 Nd4 20. Nxd4 Bxd1 21. Rxd1 Qxd4 22. Bxb7 $44 {
1/2-1/2 Marin,M-Marjanovic,S/Bucuresti 2000/(45)}) 14. Bb2 d3 15. Nc1 Bd7 16.
Re1 Re8 17. Nxd3 Bf8 18. h4 {1-0 Hansen,C-Milos,G/Novi Sad 1990/TD (30)}) 9. b4
O-O 10. b5 Nd4 11. Nxe5 Bf6 12. f4 {[%mdl 4] Dieser Zug scheint mir
natürlicher, als 12.Nd3.} (12. Nd3 Re8 13. e3 Nde6 14. Qc2 Nxb5 15. Bb2 Nxc3
16. Bxc3 Ng5 17. Nxc5 Bh3 18. Ne4 Nxe4 19. Bxh3 Nxc3 20. dxc3 Qc7 {1/2-1/2
Trapl,J-Antosik,A/Karvina 1980/EXT 2004 (68)}) 12... Bxe5 (12... Re8 13. a4 (
13. Rb1)) (12... Ncxb5 $5 13. Nxb5 Nxb5 14. Bb2 $14) 13. fxe5 Bg4 {[%cal Gd4e2,
Gg4e2] Die schwarze Drohung ist 14...Nxe2+, 15...Bxe2 und 16...Qd4+ mit
Qualitätsgewinn, aber das ist nicht besonders gefährlich für Weiß.} (13... Re8
14. e3 Ndxb5 15. Nxb5 Nxb5 16. Qb3 Qd7 17. Bh3 $18) (13... Ncxb5 14. Nxb5 Nxb5
15. Rb1 $14) 14. a4 {[%cal Gc1a3,Ga3f8] Auf diese Weise verteidigt Weiß den
b5-Bauern und bereitet die Möglichkeit Ba3 vor.} (14. Bxb7 $2 Rb8) 14... Nxe2+
{Mit diesem Zug gewinnt Schwarz Material, aber Weiß erhält eine sehr aktive
Stellung.} 15. Nxe2 Bxe2 16. Qxe2 Qd4+ {[%cal Rd4a1,Rd4g1]} 17. Qe3 Qxa1 18.
Ba3 $44 {[%csl Ra1,Ga3,Gg2][%cal Gg2a8,Ga3f8,Rf1a1][%mdl 2048] Weiß hat
mindestens ausreichende Kompensation und starkes Figurenspiel.} Qa2 (18... Qd4
19. Qxd4 cxd4 20. Bxb7 (20. Bxf8 Kxf8 21. Rc1 Ne6 22. Bxb7) 20... Rab8 21. Bxf8
Kxf8 22. Bf3 Ke7 23. Rc1 Ne6 24. Kf2 $16) 19. Bxc5 {[%csl Gc5,Gg2] Das weiße
Läuferpaar ist besonders stark, Schwarz hat Problemen mit der
Figurenkoordination.} Qxa4 (19... Rfe8 20. Bd6 Nd5 21. Qf2) 20. Bxf8 Rxf8 21.
b6 axb6 22. Qxb6 {[%csl Gb6,Rb7,Gg2][%cal Gf1f8] Die Stellung ist nur
materiell gleich. Weiß gewinnt den b7-Bauern und alle seine Figuren stehen
sehr aktiv.} Ne6 23. Bd5 Qd7 (23... Qg4 $5) 24. Qxb7 $16 Nc7 (24... Qxb7 25.
Bxb7 Rd8 26. Rd1 $16) 25. Bb3 Qd4+ (25... Qxd2 $2 26. Rxf7 $18 (26. Qxc7 Qe3+
$11)) 26. Rf2 {Weiß hat einen Bauern mehr, aber die Verwertung des
Materialvorteils ist nicht leicht.} Ne6 27. Qd5 Qb6 (27... Qxd5 28. Bxd5 Rd8
29. Bc4 $16 (29. Bxe6 fxe6 30. Kg2 Rd5 31. Re2 Rd3)) 28. Kg2 Rd8 29. Qf3 Ng5 $2
{Mit diesem Zug verlässt Schwarz die Verteidigung des Bauern auf f7.} 30. Bxf7+
Kh8 31. Qb3 Qd4 (31... Qxb3 32. Bxb3 Ne4 33. Re2 Nxd2 (33... Rxd2 34. Rxd2 Nxd2
35. Bd5 $18 (35. e6 Ne4 36. e7 Nd6 37. Bf7 $18 (37. Kf3 $18))) 34. Bf7 $18) 32.
Qe3 Nxf7 (32... Qxe3 33. dxe3 Nxf7 34. Rxf7 Re8 35. Ra7 Kg8 36. Ra5) 33. Qxd4
Rxd4 34. e6 $1 $18 {[%csl Ge6,Rf7]} (34. Rxf7 $6 Rxd2+ 35. Rf2 $16) 34... Kg8 (
34... Nh6 35. e7 Re4 36. Rf8+ Ng8 37. e8=Q $18) 35. exf7+ {[%csl Gf7] Der
Freibauer steht sehr stark auf f7 und mit zwei Bauern mehr gewinnt Weiß leicht.
} Kf8 36. Kf3 $1 Rd7 37. Ke4 Re7+ 38. Kd5 Rd7+ 39. Kc5 Rc7+ 40. Kd6 Rc2 41. Ke5
h5 42. Ke4 h4 43. gxh4 1-0

[Event "RUS-ch"]
[Site "Elista"]
[Date "1996.??.??"]
[Round "1"]
[White "Khalifman, Alexander"]
[Black "Rashkovsky, Nukhim N"]
[Result "1-0"]
[WhiteElo "2640"]
[BlackElo "2530"]
[Annotator "Ribli,Z"]
[PlyCount "133"]
[EventDate "1996.10.15"]
[EventType "swiss"]
[EventRounds "11"]
[EventCountry "RUS"]
[SourceTitle "CBM 056"]
[Source "ChessBase"]
[SourceDate "1997.02.01"]
[SourceVersion "1"]
[SourceVersionDate "1997.02.01"]
[SourceQuality "1"]

1. Nf3 c5 2. c4 b6 3. Nc3 Bb7 4. e3 {Eine selten angewandte Fortsetzung.} (4.
e4 d6 (4... Nf6 5. e5) 5. d4 cxd4 6. Nxd4 Nf6 7. Bd3 (7. f3)) (4. g3 $2 Bxf3 5.
exf3 Nc6 $15 {>< d4}) 4... Nf6 5. d4 g6 $6 (5... cxd4 $5 6. exd4 e6 (6... d5 7.
Ne5 $36) 7. Bd3 (7. a3 $5) 7... Bb4 8. O-O O-O) 6. d5 $14 Bg7 7. Bd3 d6 8. O-O
O-O 9. e4 {Jetzt haben wir eine typisch königsindische Stellung auf dem Brett,
in der Weiß - wie gewöhnlich - Raumvorteil besitzt, aber noch etwas mehr: der
schwarze Bb7 steht wegen des Bauernmassivs d5-e4 schlecht.Ribli.} e5 10. a3 Bc8
11. b4 Na6 12. Rb1 Ne8 13. Bc2 $1 {Wenn Weiß den weißfeldrigen Läufer tauscht,
werden die Schwächen in der schwarzen Stellung noch spürbarer.Ribli.} Bd7 14.
Ba4 Rc8 15. Bg5 f6 16. Bd2 Nb8 (16... cxb4 17. axb4 Rxc4 18. Qe2 b5 19. Bxb5
Bxb5 20. Nxb5 Rc2 21. Nxa7) 17. Bxd7 Qxd7 (17... Nxd7 18. Nb5 Ra8) 18. Qb3 f5
19. bxc5 dxc5 {Nach 19...bxc5 hat Weiß freie Hand dank seiner Herrschaft über
die b-Linie.Ribli.} 20. Bc1 {Dieser Läufer hat eine bessere Zukunft auf b2.
Ribli.} h6 21. Nb5 Nd6 22. Nxd6 Qxd6 23. a4 Nd7 24. a5 f4 (24... bxa5 {Diese
antipositionelle Annahme des Pa5 ist natürlich nicht sympathisch, bietet
Schwarz vielleicht aber einige taktische Chancen.Ribli.}) 25. axb6 axb6 26. Bb2
g5 27. Ra1 Bf6 28. Ne1 g4 {Schwarz hat keine reellen Angriffschancen am
Königsflügel, seine Hoffnung besteht darin, die Stellung solange wie möglich
geschlossen zu halten und sich mit gutem Verteidigungsspiel ins Remis zu
retten.Ribli.} 29. f3 g3 30. h3 $16 {Ohne a-linie wäre diese Stellung
ausgeglichen, aber so steht Weiß wegen der ungleich verteilten
Eindringungsmöglichkeiten strategisch auf Gewinn.Ribli.} b5 31. Nd3 (31. cxb5
c4) 31... Rb8 (31... b4 32. Ra7 Rc7 33. Rfa1 $36) 32. cxb5 Qb6 33. Qc4 Qxb5 34.
Rfc1 Qxc4 35. Rxc4 {Schwarz ist in großer Not. Seine Bauernstellung ist
ziemlich schwach, der Bf6 verfolgt die Ereignisse nur wie ein Statist.Ribli.}
Rb3 36. Ra3 Rfb8 37. Rxb3 Rxb3 38. Rc3 Rb5 39. Kf1 {Weiß hat noch keine
konkreten Drohungen, aber Schwarz kann den langsamen Tod nicht vermeiden.Ribli.
} Be7 40. Rc2 Bd6 41. Ke2 Kf7 42. Kd2 Ke7 43. Bc3 c4 {Dieser Zug beschleunigt
nur das Ende der Partie.Ribli.} 44. Rb2 $1 Rb3 45. Rxb3 cxb3 46. Bb2 Kd8 47.
Nc1 Kc7 48. Kc3 Nf8 49. Kxb3 $18 Ng6 50. Nd3 Nh4 51. Ne1 Kd7 52. Kc4 h5 53. Bc3
Bb8 54. Kd3 $1 {Die letzte Feinheit. Weiß gelangt mit seinem König nach f1,
befreit seinen Springer, und dieser Springer selbst gewinnt die Partie wegen
der schwarzen Schwächen.Ribli.} Bd6 55. Ke2 Kc7 56. Ba5+ Kc8 57. Kf1 Kb7 58.
Nd3 Ka6 59. Bb4 Bxb4 60. Nxb4+ Kb6 61. Nc6 Ng6 62. Nd8 Kc7 63. Ne6+ Kd7 64. Ng7
Ke7 (64... h4 65. Nf5 {Der weiße Königsmarsch am Damenflügel entscheidet die
Partie.Ribli.}) 65. Ke2 Nh8 66. Kd3 Nf7 67. h4 {Schwarz hat keine Hoffnung
mehr, zu Ng5 und eventuell Nxf3 oder Nxh3 zu kommen, zudem verliert er seinen
Ph5. Deshalb gab er auf. Eine präzise gespielte Partie von Khalifman.Ribli.}
1-0